000 00707nam a2200217 4500
003 OSt
005 20240726003306.0
006 a
008 240726b |||||||| |||| 00| 0 eng d
020 _a9780323039307
040 _aDWCL-HMN lib.
_cOC
082 _2Fifth edition
_aCirc. 618.97 P952 2007
100 _aRichard J. Ham
245 _aPrimary care geriatrics: a case-based approach /
250 _aFifth edition
260 _aPhiladelphia, Pennsylvania :
_bLippincott Williams & Wilkins,
_cc2007.
300 _axxii,
_b641 p. : ill. ;
_c28 cm.
504 _aIncludes bibliographical references & index.
650 _a1. Geriatrics-Case studies.
942 _2ddc
_n0
_cBK-CIRC
_eFifth edition
_kCirc.
999 _c2758
_d2758